000 00986nam a22002537a 4500
005 20170124102937.0
010 _a896293
020 _c16.00
035 _a896293
037 _bCen Lib/Ret
040 _aDPL
_bHN
082 _a181.499
_bराधाकृ
100 _aराधाकृष्णन
_943304
245 _aसत्य की खोज /
_cराधाकृष्णन
246 _aSatye ki khoj /
_bby Radhakrishnan
260 _aनई दिल्ली
_bसरस्वती विहार
_c1978
270 _a21, दयानंद मार्ग, दरिया गंज
_bनई दिल्ली
_e110002
300 _a87पृ.
_c21सेमी (सजिल्द)
650 _aहिन्दी -- साहित्य
_947052
650 _aहिन्दी -- कहानी
_9779
650 _aHindi - literature
_947053
650 _aHindi - Story
_943117
942 _2ddc
_cHN
_h181.499
_mराधाकृ
999 _c112359
_d112359